Guía práctica de derecho laboral / (Registro nro. 22055)
[ vista simple ]
| 000 -LEADER | |
|---|---|
| fixed length control field | 01182cam a2200301 i 4500 |
| 001 - CONTROL NUMBER | |
| control field | 22055 |
| 003 - CONTROL NUMBER IDENTIFIER | |
| control field | Mx-PuUPA |
| 005 - DATE AND TIME OF LATEST TRANSACTION | |
| control field | 20230412123031.0 |
| 008 - FIXED-LENGTH DATA ELEMENTS--GENERAL INFORMATION | |
| fixed length control field | 140415s2019 mx fr l 001 0 spa d |
| 020 ## - INTERNATIONAL STANDARD BOOK NUMBER | |
| International Standard Book Number | 9786071735836 |
| 040 ## - CATALOGING SOURCE | |
| Transcribing agency | Mx-PuUPA |
| Original cataloging agency | Mx-PuUPA |
| Modifying agency | Mx-PuUPA |
| Language of cataloging | spa |
| Description conventions | rda |
| 041 0# - LANGUAGE CODE | |
| Language code of text/sound track or separate title | spa |
| 100 1# - MAIN ENTRY--PERSONAL NAME | |
| 9 (RLIN) | 14016 |
| Personal name | Tabares Scott, Jorge Alberto, |
| Relator term | autor |
| 245 10 - TITLE STATEMENT | |
| Title | Guía práctica de derecho laboral / |
| Statement of responsibility, etc. | Jorge Alberto Tabares Scott |
| 250 ## - EDITION STATEMENT | |
| Edition statement | Tercera edición / |
| Remainder of edition statement | marzo |
| 264 #1 - PRODUCTION, PUBLICATION, DISTRIBUTION, MANUFACTURE, AND COPYRIGHT NOTICE | |
| Place of production, publication, distribution, manufacture | México, Ciudad de México : |
| Name of producer, publisher, distributor, manufacturer | Editorial Trillas, |
| Date of production, publication, distribution, manufacture, or copyright notice | 2019 |
| 300 ## - PHYSICAL DESCRIPTION | |
| Extent | 181 páginas ; |
| Dimensions | 23 cm |
| 336 ## - CONTENT TYPE | |
| Fuente | rdacontent |
| Content type term | texto |
| Content type code | txt |
| 337 ## - MEDIA TYPE | |
| Source | rdamedia |
| Media type term | sin medio |
| Media type code | n |
| 338 ## - CARRIER TYPE | |
| Source | rdacarrier |
| Carrier type term | volumen |
| Carrier type code | nc |
| 500 ## - GENERAL NOTE | |
| General note | "Últimas reformas a la Ley Federal del Trabajo<br/>Obligaciones de patrones y trabajadores<br/>Plazo de pago para participación de utilidades". -- Cubierta |
| 500 ## - GENERAL NOTE | |
| General note | "Jornadas de trabajo<br/>Seguridad social<br/>Salarios y descuentos<br/>Medidas disciplinares". -- Portada |
| 650 #7 - SUBJECT ADDED ENTRY--TOPICAL TERM | |
| Source of heading or term | armarc |
| Topical term or geographic name entry element | Trabajo |
| General subdivision | Legislación |
| 650 #7 - SUBJECT ADDED ENTRY--TOPICAL TERM | |
| Source of heading or term | armarc |
| Topical term or geographic name entry element | Derecho laboral |
| 942 ## - ADDED ENTRY ELEMENTS (KOHA) | |
| Source of classification or shelving scheme | Dewey Decimal Classification |
| Koha item type | Libro |
| Classification part | 344.7201 |
| Item part | T112 |
| Withdrawn status | Lost status | Source of classification or shelving scheme | Damaged status | Not for loan | Collection code | Home library | Current library | Shelving location | Date acquired | Source of acquisition | Total Checkouts | Full call number | Barcode | Date last seen | Date last checked out | Price effective from | Koha item type |
|---|---|---|---|---|---|---|---|---|---|---|---|---|---|---|---|---|---|
| Dewey Decimal Classification | General | Biblioteca Karol Wojtyla | Biblioteca Karol Wojtyla | Sala general | 03/12/2013 | Compra | 1 | 344.7201 T112 2019 | 62558 | 19/12/2025 | 05/12/2025 | 03/12/2013 | Libro | ||||
| Dewey Decimal Classification | General | Tehuacán | Tehuacán | Sala general | 12/04/2023 | 344.7201 T112 2019 | 968000001444 | 08/01/2025 | 12/04/2023 | Libro |